Estudios históricos /

Compilación biografías de destacados políticos guatemaltecos que han actuado desde la Colonia hasta el siglo XX.

I tiakina i:
Ngā taipitopito rārangi puna kōrero
Kaituhi matua: Valladares Rubio, Manuel (autor)
Hōputu: Pukapuka
Reo:Pāniora
I whakaputaina: Guatemala : Universidad de San Carlos de Guatemala, 1962, c1962
Rangatū:(Universidad de San Carlos de Guatemala ; 40)
Ngā marau:
Ngā Tūtohu: Tāpirihia he Tūtohu
Kāore He Tūtohu, Me noho koe te mea tuatahi ki te tūtohu i tēnei pūkete!

MARC

LEADER 00000nam^a2200000^a^4500
001 000131459
005 20250521000000.0
009 20260310095023.22
037 |a Acervo ITESO - Biblioteca 
041 |a ESP 
082 |a 320. 092  |b VAL 
100 |a Valladares Rubio, Manuel  |e (autor) 
245 1 0 |a Estudios históricos /  |c M. Valladares Rubio ; introd. de Luis Beltraneva S. 
264 4 |a Guatemala :  |b Universidad de San Carlos de Guatemala,  |c 1962, c1962 
300 |a 508 p. 
336 |a texto  |b txt  |2 rdacontenido 
337 |a sin mediación  |b n  |2 rdamedio 
338 |a volumen  |b nc  |2 rdasoporte 
440 1 |a (Universidad de San Carlos de Guatemala ;  |v 40) 
520 |a Compilación biografías de destacados políticos guatemaltecos que han actuado desde la Colonia hasta el siglo XX. 
649 |a XX 
650 |a Políticos Guatemaltecos -  |x Biografías 
650 |a Militares Guatemaltecos -  |x Biografías 
650 |a Política -  |z Guatemala -  |x Historia 
650 |a Guatemala -  |x Historia 
910 |a Fondo Salvador Reynoso Reynoso 
920 |a Impresos - Libros 
930 |a Fondos Especiales 
905 |a 112 
901 |a 0800011900  |b IT2  |c ESP  |u 20250521 
902 |a https://opac.biblio.iteso.mx/vufind/Record/000131459